| 000 | 00610nab a2200205 a 4500 | ||
|---|---|---|---|
| 005 | 20221019063529.0 | ||
| 008 | 991125s1985 mx 000 0 spa u | ||
| 035 | _aUPN01000138508 | ||
| 100 | 1 |
_aDidou Aupetit, Sylvie _930804 |
|
| 222 | _aREVISTA DE LA EDUCACION SUPERIOR | ||
| 245 | _a¿Fuga de cerebros o diásporas? : inmigración y emigración de personal altamente calificado en México | ||
| 260 | _aMéxico | ||
| 300 | _a7-25 | ||
| 362 | 0 | _a2004 Vol. 33(4), no. 132, oct.-dic. | |
| 653 | 0 | _aFUGA DE CEREBROS | |
| 653 | 0 | _aMEXICO | |
| 653 | 0 | _aMIGRACION | |
| 653 | 0 | _aTLC | |
| 905 | _aArticulo | ||
| 999 |
_c110656 _d110656 |
||